Cardiff City League Players Since 2014 - Statistics

General Stats
  • This quiz has been taken 26 times
  • The average score is 168 of 313
Answer Stats
% Correct
2023/24 (Championship - 12th) Wales CM 33 Aaron Ramsey 13 3
86%
2023/24 (Championship - 12th) Greece CB 30 Dimitrios Goutas 46 4
86%
2023/24 (Championship - 12th) United States GK 28 Ethan Horvath 16
86%
2023/24 (Championship - 12th) Wales CM 19 Joel Colwill 2
86%
2023/24 (Championship - 12th) England CM 30 Joe Ralls 35 1
86%
2022/23 (Championship - 21st) England CM 28 Joe Ralls 41 1
86%
2021/22 (Championship - 18th) England CM 27 Joe Ralls 29 1
86%
2020/21 (Championship - 8th) England CM 26 Joe Ralls 39 5
86%
2019/20 (Championship - 5th) England CM 25 Joe Ralls 27 7
86%
2018/19 (Premier League - 18th) England CM 24 Joe Ralls 28
86%
2017/18 (Championship - 2nd) England CM 23 Joe Ralls 37 7
86%
2016/17 (Championship - 12th) England CM 22 Joe Ralls 42 6
86%
2015/16 (Championship - 8th) England CM 21 Joe Ralls 43 1
86%
2014/15 (Championship - 11th) England CM 20 Joe Ralls 28 2
86%
2023/24 (Championship - 12th) Greece DM 29 Manolis Siopis 42
86%
2023/24 (Championship - 12th) England RB 27 Perry Ng 39 6
86%
2022/23 (Championship - 21st) England RB 26 Perry Ng 43 2
86%
2021/22 (Championship - 18th) England RB 25 Perry Ng 39
86%
2020/21 (Championship - 8th) England RB 24 Perry Ng 19
86%
2023/24 (Championship - 12th) Wales AM 22 Rubin Colwill 36 1
86%
2022/23 (Championship - 21st) Wales AM 20 Rubin Colwill 20
86%
2021/22 (Championship - 18th) Wales AM 19 Rubin Colwill 34 5
86%
2020/21 (Championship - 8th) Wales AM 18 Rubin Colwill 6
86%
2021/22 (Championship - 18th) England CB 30 Sean Morrison 16 3
86%
2020/21 (Championship - 8th) England CB 29 Sean Morrison 38 5
86%
2019/20 (Championship - 5th) England CB 28 Sean Morrison 36 4
86%
2018/19 (Premier League - 18th) England CB 27 Sean Morrison 34 1
86%
2017/18 (Championship - 2nd) England CB 26 Sean Morrison 39 7
86%
2016/17 (Championship - 12th) England CB 25 Sean Morrison 44 4
86%
2015/16 (Championship - 8th) England CB 24 Sean Morrison 30 3
86%
2014/15 (Championship - 11th) England CB 23 Sean Morrison 41 6
86%
2018/19 (Premier League - 18th) Iceland DM 29 Aron Gunnarsson 28 1
79%
2017/18 (Championship - 2nd) Iceland DM 28 Aron Gunnarsson 20 1
79%
2016/17 (Championship - 12th) Iceland DM 27 Aron Gunnarsson 40 3
79%
2015/16 (Championship - 8th) Iceland DM 26 Aron Gunnarsson 28 2
79%
2014/15 (Championship - 11th) Iceland DM 25 Aron Gunnarsson 45 4
79%
2023/24 (Championship - 12th) Ireland LM 29 Callum O'Dowda 11 1
79%
2022/23 (Championship - 21st) Ireland LM 27 Callum O'Dowda 39 3
79%
2016/17 (Championship - 12th) Scotland GK 31 David Marshall 4
79%
2015/16 (Championship - 8th) Scotland GK 30 David Marshall 40
79%
2014/15 (Championship - 11th) Scotland GK 29 David Marshall 38
79%
2023/24 (Championship - 12th) Scotland CM 24 David Turnbull 17
79%
2016/17 (Championship - 12th) Wales LB 21 Declan John 15
79%
2015/16 (Championship - 8th) Wales LB 20 Declan John 1
79%
2014/15 (Championship - 11th) Wales LB 19 Declan John 6
79%
2023/24 (Championship - 12th) England GK 30 Jak Alnwick 24
79%
2022/23 (Championship - 21st) England GK 29 Jak Alnwick 4
79%
2021/22 (Championship - 18th) Ireland ST 30 James Collins 26 3
79%
2023/24 (Championship - 12th) Nigeria LB 29 Jamilu Collins 36 1
79%
2022/23 (Championship - 21st) Nigeria LB 27 Jamilu Collins 4
79%
2020/21 (Championship - 8th) Canada LW 30 Junior Hoilett 21 2
79%
2019/20 (Championship - 5th) Canada LW 29 Junior Hoilett 41 7
79%
2018/19 (Premier League - 18th) Canada LW 28 Junior Hoilett 32 3
79%
2017/18 (Championship - 2nd) Canada LW 27 Junior Hoilett 46 9
79%
2016/17 (Championship - 12th) Canada LW 26 Junior Hoilett 33 2
79%
2015/16 (Championship - 8th) Trinidad & Tobago ST 30 Kenwyne Jones 19 5
79%
2014/15 (Championship - 11th) Trinidad & Tobago ST 29 Kenwyne Jones 34 11
79%
2023/24 (Championship - 12th) Antigua & Barbuda RB 28 Mahlon Romeo 15
79%
2022/23 (Championship - 21st) Antigua & Barbuda RB 26 Mahlon Romeo 33
79%
2022/23 (Championship - 21st) Wales ST 23 Mark Harris 35 3
79%
2021/22 (Championship - 18th) Wales ST 22 Mark Harris 34 3
79%
2020/21 (Championship - 8th) Wales ST 21 Mark Harris 16 3
79%
2016/17 (Championship - 12th) Wales ST 17 Mark Harris 2
79%
2023/24 (Championship - 12th) Ireland CB 23 Mark McGuinness 30 2
79%
2022/23 (Championship - 21st) Ireland CB 21 Mark McGuinness 19
79%
2021/22 (Championship - 18th) Ireland CB 20 Mark McGuinness 34 3
79%
2019/20 (Championship - 5th) Philippines GK 29 Neil Etheridge 16
79%
2018/19 (Premier League - 18th) Philippines GK 28 Neil Etheridge 38
79%
2017/18 (Championship - 2nd) Philippines GK 27 Neil Etheridge 45
79%
2014/15 (Championship - 11th) Jamaica AM 21 Ravel Morrison 7
79%
2023/24 (Championship - 12th) England DM 26 Ryan Wintle 42 2
79%
2022/23 (Championship - 21st) England DM 25 Ryan Wintle 45 2
79%
2021/22 (Championship - 18th) England DM 24 Ryan Wintle 23
79%
2020/21 (Championship - 8th) Ivory Coast CB 35 Sol Bamba 6
79%
2019/20 (Championship - 5th) Ivory Coast CB 34 Sol Bamba 6
79%
2018/19 (Premier League - 18th) Ivory Coast CB 33 Sol Bamba 28 4
79%
2017/18 (Championship - 2nd) Ivory Coast CB 32 Sol Bamba 46 4
79%
2016/17 (Championship - 12th) Ivory Coast CB 31 Sol Bamba 26 2
79%
2019/20 (Championship - 5th) Australia LB 25 Brad Smith 3
71%
2017/18 (Championship - 2nd) Ireland GK 34 Brian Murphy 1
71%
2016/17 (Championship - 12th) Ireland GK 33 Brian Murphy 4
71%
2018/19 (Premier League - 18th) Gabon CB 29 Bruno Ecuele Manga 38
71%
2017/18 (Championship - 2nd) Gabon CB 28 Bruno Ecuele Manga 38
71%
2016/17 (Championship - 12th) Gabon CB 27 Bruno Ecuele Manga 21
71%
2015/16 (Championship - 8th) Gabon CB 26 Bruno Ecuele Manga 24 2
71%
2014/15 (Championship - 11th) Gabon CB 25 Bruno Ecuele Manga 29 3
71%
2014/15 (Championship - 11th) Ireland ST 26 Eoin Doyle 16 5
71%
2023/24 (Championship - 12th) Canada ST 25 Ike Ugbo 20 4
71%
2022/23 (Championship - 21st) Wales ST 20 Isaak Davies 10 1
71%
2021/22 (Championship - 18th) Wales ST 19 Isaak Davies 28 2
71%
2020/21 (Championship - 8th) England LB 30 Joe Bennett 28 1
71%
2019/20 (Championship - 5th) England LB 29 Joe Bennett 44
71%
2018/19 (Premier League - 18th) England LB 28 Joe Bennett 30
71%
2017/18 (Championship - 2nd) England LB 27 Joe Bennett 38 1
71%
2016/17 (Championship - 12th) England LB 26 Joe Bennett 24 3
71%
2022/23 (Championship - 21st) Ireland LB 20 Joel Bagan 1
71%
2021/22 (Championship - 18th) Ireland LB 19 Joel Bagan 26 3
71%
2020/21 (Championship - 8th) Ireland LB 18 Joel Bagan 7
71%
2020/21 (Championship - 8th) England LW 25 Josh Murphy 32 2
71%
2019/20 (Championship - 5th) England LW 24 Josh Murphy 27 5
71%
2018/19 (Premier League - 18th) England LW 23 Josh Murphy 29 3
71%
2018/19 (Premier League - 18th) England RW 25 Kadeem Harris 13 1
71%
2017/18 (Championship - 2nd) England RW 24 Kadeem Harris 3
71%
2016/17 (Championship - 12th) England RW 23 Kadeem Harris 37 4
71%
2015/16 (Championship - 8th) England RW 22 Kadeem Harris 3
71%
2014/15 (Championship - 11th) England RW 21 Kadeem Harris 14 1
71%
2023/24 (Championship - 12th) England ST 26 Karlan Grant 39 6
71%
2018/19 (Premier League - 18th) Denmark ST 24 Kenneth Zohore 19 1
71%
2017/18 (Championship - 2nd) Denmark ST 23 Kenneth Zohore 36 9
71%
2016/17 (Championship - 12th) Denmark ST 22 Kenneth Zohore 29 12
71%
2015/16 (Championship - 8th) Denmark ST 21 Kenneth Zohore 12 2
71%
2019/20 (Championship - 5th) Guatemala RW 27 Nathaniel Mendez-Laing 27 3
71%
2018/19 (Premier League - 18th) Guatemala RW 26 Nathaniel Mendez-Laing 20 4
71%
2017/18 (Championship - 2nd) Guatemala RW 25 Nathaniel Mendez-Laing 38 6
71%
2021/22 (Championship - 18th) England CM 19 Tommy Doyle 19 2
71%
2018/19 (Premier League - 18th) Spain CM 24 Victor Camarasa 32 5
71%
2019/20 (Championship - 5th) Jamaica AM 26 Bobby Decordova-Reid 1
64%
2018/19 (Premier League - 18th) Jamaica AM 25 Bobby Decordova-Reid 27 5
64%
2023/24 (Championship - 12th) Ireland ST 29 Callum Robinson 23 2
64%
2022/23 (Championship - 21st) Ireland ST 27 Callum Robinson 22 5
64%
2022/23 (Championship - 21st) England LW 20 Jaden Philogene 37 4
64%
2021/22 (Championship - 18th) Wales ST 28 Kieffer Moore 22 5
64%
2020/21 (Championship - 8th) Wales ST 27 Kieffer Moore 42 20
64%
2023/24 (Championship - 12th) England ST 22 Kion Etete 28 3
64%
2022/23 (Championship - 21st) England ST 20 Kion Etete 28 3
64%
2021/22 (Championship - 18th) Curacao RB 29 Leandro Bacuna 15 1
64%
2020/21 (Championship - 8th) Curacao RB 28 Leandro Bacuna 42 2
64%
2019/20 (Championship - 5th) Curacao RB 27 Leandro Bacuna 41 1
64%
2018/19 (Premier League - 18th) Curacao RB 26 Leandro Bacuna 11
64%
2023/24 (Championship - 12th) England RW 21 Ollie Tanner 36 2
64%
2016/17 (Championship - 12th) England CM 31 Peter Whittingham 37 7
64%
2015/16 (Championship - 8th) England CM 30 Peter Whittingham 36 6
64%
2014/15 (Championship - 11th) England CM 29 Peter Whittingham 43 6
64%
2023/24 (Championship - 12th) St. Kitts & Nevis AM 32 Romaine Sawyers 2
64%
2022/23 (Championship - 21st) St. Kitts & Nevis AM 30 Romaine Sawyers 37 3
64%
2015/16 (Championship - 8th) England GK 25 Simon Moore 7
64%
2014/15 (Championship - 11th) England GK 24 Simon Moore 10
64%
2016/17 (Championship - 12th) England GK 23 Ben Wilson 3
57%
2019/20 (Championship - 5th) Scotland ST 24 Callum Paterson 36 5
57%
2018/19 (Premier League - 18th) Scotland ST 23 Callum Paterson 27 4
57%
2017/18 (Championship - 2nd) Scotland ST 22 Callum Paterson 32 10
57%
2023/24 (Championship - 12th) Wales AM 19 Cian Ashford 5 1
57%
2019/20 (Championship - 5th) England ST 28 Danny Ward 28 7
57%
2018/19 (Premier League - 18th) England ST 27 Danny Ward 14 1
57%
2017/18 (Championship - 2nd) England ST 26 Danny Ward 18 4
57%
2015/16 (Championship - 8th) Brazil RB 24 Fabio 23 1
57%
2014/15 (Championship - 11th) Brazil RB 23 Fabio 28
57%
2022/23 (Championship - 21st) Northern Ireland RW 26 Gavin Whyte 14 1
57%
2020/21 (Championship - 8th) Northern Ireland RW 24 Gavin Whyte 7
57%
2019/20 (Championship - 5th) Northern Ireland RW 23 Gavin Whyte 24
57%
2018/19 (Premier League - 18th) Ireland CM 28 Harry Arter 25
57%
2016/17 (Championship - 12th) England ST 19 Ibrahim Meite 1
57%
2020/21 (Championship - 8th) England SS 31 Lee Tomlin 5 1
57%
2019/20 (Championship - 5th) England SS 30 Lee Tomlin 33 8
57%
2017/18 (Championship - 2nd) England SS 28 Lee Tomlin 13 1
57%
2018/19 (Premier League - 18th) Senegal ST 28 Oumar Niasse 13
57%
2020/21 (Championship - 8th) Germany ST 26 Robert Glatzel 21 3
57%
2019/20 (Championship - 5th) Germany ST 25 Robert Glatzel 30 7
57%
2023/24 (Championship - 12th) Iceland GK 29 Runar Runarsson 6
57%
2022/23 (Championship - 21st) Guinea ST 26 Sory Kaba 17 8
57%
2023/24 (Championship - 12th) Ivory Coast LW 28 Yakou Meite 38 2
57%
2021/22 (Championship - 18th) England CB 31 Aden Flint 38 6
50%
2020/21 (Championship - 8th) England CB 30 Aden Flint 22 1
50%
2019/20 (Championship - 5th) England CB 29 Aden Flint 26 2
50%
2021/22 (Championship - 18th) England GK 31 Alex Smithies 29
50%
2020/21 (Championship - 8th) England GK 30 Alex Smithies 31
50%
2019/20 (Championship - 5th) England GK 29 Alex Smithies 30
50%
2015/16 (Championship - 8th) England CB 26 Ben Turner 1
50%
2014/15 (Championship - 11th) England CB 25 Ben Turner 11
50%
2022/23 (Championship - 21st) Ivory Coast CB 25 Cedric Kipre 42 3
50%
2022/23 (Championship - 21st) England CB 29 Curtis Nelson 9
50%
2021/22 (Championship - 18th) England CB 28 Curtis Nelson 30
50%
2020/21 (Championship - 8th) England CB 27 Curtis Nelson 44 1
50%
2019/20 (Championship - 5th) England CB 26 Curtis Nelson 33 1
50%
2021/22 (Championship - 18th) England GK 26 Dillon Phillips 17
50%
2020/21 (Championship - 8th) England GK 25 Dillon Phillips 16
50%
2023/24 (Championship - 12th) Gambia CM 28 Ebou Adams 11
50%
2023/24 (Championship - 12th) Senegal ST 31 Famara Diedhiou 16 2
50%
2020/21 (Championship - 8th) Wales RW 23 Harry Wilson 37 7
50%
2017/18 (Championship - 2nd) Northern Ireland LW 31 Jamie Ward 4
50%
2023/24 (Championship - 12th) England RW 25 Josh Bowler 38 5
50%
2014/15 (Championship - 11th) South Korea AM 24 Kim Bo-kyung 2
50%
2019/20 (Championship - 5th) England RB 31 Lee Peltier 25
50%
2018/19 (Premier League - 18th) England RB 31 Lee Peltier 20
50%
2017/18 (Championship - 2nd) England RB 30 Lee Peltier 30
50%
2016/17 (Championship - 12th) England RB 29 Lee Peltier 28
50%
2015/16 (Championship - 8th) England RB 28 Lee Peltier 41
50%
2014/15 (Championship - 11th) England RB 27 Lee Peltier 15
50%
2023/24 (Championship - 12th) England CB 27 Nathaniel Phillips 18 1
50%
2021/22 (Championship - 18th) Wales DM 27 Will Vaulks 36 2
50%
2020/21 (Championship - 8th) Wales DM 26 Will Vaulks 42 5
50%
2019/20 (Championship - 5th) Wales DM 25 Will Vaulks 27 4
50%
2023/24 (Championship - 12th) Zimbabwe CM 27 Andy Rinomhota 3
43%
2022/23 (Championship - 21st) Zimbabwe CM 25 Andy Rinomhota 39
43%
2017/18 (Championship - 2nd) Ireland LW 29 Anthony Pilkington 8 3
43%
2016/17 (Championship - 12th) Ireland LW 28 Anthony Pilkington 34 7
43%
2015/16 (Championship - 8th) Ireland LW 27 Anthony Pilkington 41 9
43%
2014/15 (Championship - 11th) Ireland LW 26 Anthony Pilkington 20 1
43%
2022/23 (Championship - 21st) Wales DM 19 Eli King 1
43%
2021/22 (Championship - 18th) Wales DM 18 Eli King 4
43%
2019/20 (Championship - 5th) Wales RB 28 Jazz Richards 11
43%
2018/19 (Premier League - 18th) Wales RB 27 Jazz Richards 4
43%
2017/18 (Championship - 2nd) Wales RB 26 Jazz Richards 6
43%
2016/17 (Championship - 12th) Wales RB 25 Jazz Richards 26
43%
2014/15 (Championship - 11th) Spain CB 24 Juan Cala 1
43%
2014/15 (Championship - 11th) Norway AM 23 Magnus Wolff Eikrem 3
43%
2017/18 (Championship - 2nd) Serbia DM 21 Mark Grujic 13 1
43%
2016/17 (Championship - 12th) Morocco ST 32 Marouane Chamakh 2
43%
2022/23 (Championship - 21st) England GK 30 Ryan Allsop 43
43%
2022/23 (Championship - 21st) England RW 25 Sheyi Ojo 36 1
43%
2020/21 (Championship - 8th) England RW 23 Sheyi Ojo 41 5
43%
2021/22 (Championship - 18th) Uganda ST 26 Uche Ikpeazu 13 3
43%
2019/20 (Championship - 5th) Ghana RW 31 Albert Adomah 9
36%
2016/17 (Championship - 12th) Scotland GK 34 Allan McGregor 19
36%
2021/22 (Championship - 18th) Northern Ireland LB 23 Ciaron Brown 5
36%
2020/21 (Championship - 8th) Northern Ireland LB 22 Ciaron Brown 12
36%
2016/17 (Championship - 12th) England RW 28 Craig Noone 34 2
36%
2015/16 (Championship - 8th) England RW 27 Craig Noone 38 5
36%
2014/15 (Championship - 11th) England RW 26 Craig Noone 37 1
36%
2015/16 (Championship - 8th) Italy ST 23 Federico Macheda 6
36%
2014/15 (Championship - 11th) Italy ST 22 Federico Macheda 21 6
36%
2020/21 (Championship - 8th) Ireland CB 29 Greg Cunningham 5
36%
2018/19 (Premier League - 18th) Ireland CB 27 Greg Cunningham 7
36%
2023/24 (Championship - 12th) England CB 27 Jack Simpson 1
36%
2022/23 (Championship - 21st) England CB 25 Jack Simpson 19
36%
2020/21 (Championship - 8th) Wales AM 26 Jonny Williams 9
36%
2021/22 (Championship - 18th) England ST 29 Jordan Hugill 18 4
36%
2023/24 (Championship - 12th) England LB 21 Josh Wilson-Esbrand 11
36%
2015/16 (Championship - 8th) South Africa CM 30 Kagisho Dikgacoi 23
36%
2014/15 (Championship - 11th) South Africa CM 29 Kagisho Dikgacoi 2
36%
2018/19 (Premier League - 18th) France CM 27 Loic Damour 2
36%
2017/18 (Championship - 2nd) France CM 26 Loic Damour 27
36%
2023/24 (Championship - 12th) Wales LB 17 Luey Giles 2
36%
2014/15 (Championship - 11th) Norway AM 19 Mats Moller Dæhli 9
36%
2021/22 (Championship - 18th) Wales CB 19 Ollie Denham 5
36%
2016/17 (Championship - 12th) England ST 34 Rickie Lambert 18 4
36%
2021/22 (Championship - 18th) England LB 21 Ryan Giles 21
36%
2022/23 (Championship - 21st) England RB 21 Vontae Daley-Campbell 1
36%
2017/18 (Championship - 2nd) Senegal LB 27 Armand Traore 4 1
29%
2021/22 (Championship - 18th) England RB 19 Cody Drameh 22
29%
2017/18 (Championship - 2nd) Scotland CM 30 Craig Bryson 22 2
29%
2020/21 (Championship - 8th) Croatia CB 22 Filip Benkovic 1
29%
2019/20 (Championship - 5th) England ST 28 Gary Madine 8
29%
2018/19 (Premier League - 18th) England ST 27 Gary Madine 5
29%
2017/18 (Championship - 2nd) England ST 26 Gary Madine 13
29%
2014/15 (Championship - 11th) Austria ST 25 Guido Burgstaller 3
29%
2015/16 (Championship - 8th) Algeria ST 23 Idriss Saadi 2
29%
2019/20 (Championship - 5th) England GK 28 Joe Day 1
29%
2021/22 (Championship - 18th) Wales AM 19 Kieron Evans 5
29%
2016/17 (Championship - 12th) Netherlands AM 30 Lex Immers 13
29%
2015/16 (Championship - 8th) Netherlands AM 29 Lex Immers 15 5
29%
2014/15 (Championship - 11th) England CB 32 Mark Hudson 3
29%
2021/22 (Championship - 18th) England CM 30 Marlon Pack 24 1
29%
2020/21 (Championship - 8th) England CM 29 Marlon Pack 39 2
29%
2019/20 (Championship - 5th) England CM 28 Marlon Pack 37 2
29%
2017/18 (Championship - 2nd) England CB 29 Matthew Connolly 4
29%
2016/17 (Championship - 12th) England CB 28 Matthew Connolly 28 1
29%
2015/16 (Championship - 8th) England CB 27 Matthew Connolly 43 1
29%
2014/15 (Championship - 11th) England CB 26 Matthew Connolly 23
29%
2017/18 (Championship - 2nd) Northern Ireland LW 22 Matty Kennedy 1
29%
2016/17 (Championship - 12th) Northern Ireland LW 21 Matty Kennedy 2
29%
2015/16 (Championship - 8th) Northern Ireland KW 20 Matty Kennedy 1
29%
2014/15 (Championship - 11th) Northern Ireland LW 19 Matty Kennedy 14
29%
2022/23 (Championship - 21st) France LB 21 Niels Nkounkou 18
29%
2016/17 (Championship - 12th) England CM 25 Stuart O'Keefe 8
29%
2015/16 (Championship - 8th) England CM 24 Stuart O'Keefe 24 2
29%
2014/15 (Championship - 11th) England CM 23 Stuart O'Keefe 6
29%
2022/23 (Championship - 21st) England RB 23 Tom Sang 9
29%
2021/22 (Championship - 18th) England RB 22 Tom Sang 3
29%
2020/21 (Championship - 8th) England RB 21 Tom Sang 9
29%
2015/16 (Championship - 8th) Scotland ST 21 Tony Watt 9 2
29%
2017/18 (Championship - 2nd) Suriname LW 25 Yanic Wildschut 10
29%
2014/15 (Championship - 11th) England ST 27 Adam Le Fondre 23 3
21%
2016/17 (Championship - 12th) England GK 26 Ben Amos 16
21%
2021/22 (Championship - 18th) England ST 19 Chanka Zimba 1
21%
2019/20 (Championship - 5th) England CB 19 Dion Sanderson 10
21%
2017/18 (Championship - 2nd) Benin ST 29 Frederic Gounongbe 3
21%
2016/17 (Championship - 12th) Benin ST 28 Frederic Gounongbe 11
21%
2017/18 (Championship - 2nd) England CB 32 Greg Halford 12
21%
2016/17 (Championship - 12th) England CB 31 Greg Halford 16
21%
2014/15 (Championship - 11th) Spain ST 32 Javi Guerra 3
21%
2023/24 (Championship - 12th) England CB 23 Jonathan Panzo 4
21%
2016/17 (Championship - 12th) England LB 31 Kieran Richardson 6
21%
2017/18 (Championship - 2nd) England RM 30 Liam Feeney 15
21%
2022/23 (Championship - 21st) England ST 23 Max Watters 11
21%
2021/22 (Championship - 18th) England ST 22 Max Watters 8 1
21%
2020/21 (Championship - 8th) England ST 21 Max Watters 3
21%
2023/24 (Championship - 12th) England CM 21 Raheem Conte 3
21%
2018/19 (Premier League - 18th) England ST 23 Rhys Healey 3
21%
2017/18 (Championship - 2nd) England ST 22 Rhys Healey 3
21%
2016/17 (Championship - 12th) England ST 21 Rhys Healey 7 1
21%
2022/23 (Championship - 21st) England GK 20 Rohan Luthra 1
21%
2015/16 (Championship - 8th) England LB 24 Scott Malone 41 2
21%
2014/15 (Championship - 11th) England LB 23 Scott Malone 13
21%
2014/15 (Championship - 11th) England ST 21 Conor McAleny 8 2
14%
2014/15 (Championship - 11th) Wales CB 34 Danny Gabbidon 1
14%
2016/17 (Championship - 12th) Wales DM 22 Emyr Huws 3
14%
2019/20 (Championship - 5th) England ST 25 Isaac Vassell 2 1
14%
2014/15 (Championship - 11th) England RB 26 John Brayford 26
14%
2020/21 (Championship - 8th) England RB 21 Jordi Osei-Tutu 8
14%
2019/20 (Championship - 5th) England ST 25 Omar Bogle 11 1
14%
2017/18 (Championship - 2nd) England ST 23 Omar Bogle 10 3
14%
2021/22 (Championship - 18th) Wales CM 20 Sam Bowen 4
14%
2015/16 (Championship - 8th) Wales LW 21 Tom Lawrence 14
14%
2015/16 (Championship - 8th) England ST 31 Alex Revell 10
7%
2014/15 (Championship - 11th) England ST 30 Alex Revell 16 2
7%
2021/22 (Championship - 18th) England LM 21 Alfie Doughty 9 1
7%
2022/23 (Championship - 21st) England ST 29 Connor Wickham 12 1
7%
2015/16 (Championship - 8th) Ireland ST 24 Joe Mason 23 6
7%
2014/15 (Championship - 11th) Ireland ST 23 Joe Mason 7 1
7%
2014/15 (Championship - 11th) England ST 27 Nicky Maynard 10 1
7%
2015/16 (Championship - 8th) England LW 23 Sammy Ameobi 36 1
7%
2014/15 (Championship - 11th) England CM 22 Tom Adeyemi 20 1
7%
No matching quizzes found
Score Distribution
Percent of People with Each Score
Percentile by Number Answered
Your Score History
You have not taken this quiz